Coastal and oceanic buoy engineering

Saved in:
书目详细资料
主要作者: Berteaux, Henri O (Author)
格式: 图书
语言:英语
出版: H.O. Berteaux 1991
主题:
标签: 添加标签
没有标签, 成为第一个标记此记录!

MARC

LEADER 00000nam a2200000 a 4500
001 UCY1656
003 CL-VaPUC
008 940912e19910000US |||||||||||||||||eng|d
082 0 4 |a 623.8944  |b BER  |2 21 
100 0 |a Berteaux, Henri O  |e author  |9 329664 
245 1 0 |a Coastal and oceanic buoy engineering 
300 |a 285 p 
942 |c BK 
945 |d 19940912 00:00:00  |a mfernand 
260 |b H.O. Berteaux  |c 1991 
650 7 |a BOYAS  |2 CL-VaPUC  |9 261382 
650 7 |a SEÑALES MARITIMAS  |2 CL-VaPUC  |9 261383 
583 |a last modification  |c 20130517 10:21:30  |k Rodrigo Vera 
999 |c 230293  |d 230291 
952 |0 0  |1 0  |4 0  |6 623_894400000000000_BER_1991  |7 0  |8 CCM  |9 232438  |a BIBCUR  |b BIBCUR  |d 2019-11-15  |i 3020460  |o 623.8944 BER 1991  |p 3020460  |r 2025-04-22  |w 2019-11-15  |y BK_R  |k CIM